000 00296nam a22001217a 4500
008 181003b xxu||||| |||| 00| 0 eng d
041 _aeng
080 _a101
100 _a24
101 _aFIL
245 _aPriestley's writings on philosphy science and politics
_cPassmore,J.A
942 _2udc
_cBK
999 _c48824
_d48824